Applied regression analysis (Record no. 7657)
[ view plain ]
| 000 -LEADER | |
|---|---|
| fixed length control field | 00484 a2200169 4500 |
| 040 ## - CATALOGING SOURCE | |
| Original cataloging agency | DLC |
| Language of cataloging | DLC |
| 082 ## - DEWEY DECIMAL CLASSIFICATION NUMBER | |
| Classification number | 519.536 DRA |
| 100 ## - MAIN ENTRY--PERSONAL NAME | |
| Personal name | Draper, Norman Richard. |
| 245 ## - TITLE STATEMENT | |
| Title | Applied regression analysis |
| Statement of responsibility, etc. | Norman Richard Draper, |
| 250 ## - EDITION STATEMENT | |
| Edition statement | 3rd. ed. |
| 260 ## - PUBLICATION, DISTRIBUTION, ETC. | |
| Place of publication, distribution, etc. | Islamabad : |
| Name of publisher, distributor, etc. | National Book Foundation, |
| Date of publication, distribution, etc. | c1998. |
| 300 ## - PHYSICAL DESCRIPTION | |
| Extent | xvii, 706 p. : |
| Other physical details | ill. ; |
| Dimensions | 26 cm. |
| 500 ## - GENERAL NOTE | |
| General note | Includes Index |
| 650 ## - SUBJECT ADDED ENTRY--TOPICAL TERM | |
| Topical term or geographic name entry element | Regression analysis. |
| 700 ## - ADDED ENTRY--PERSONAL NAME | |
| Personal name | Harry Smith, |
| 942 ## - ADDED ENTRY ELEMENTS (KOHA) | |
| Koha item type | Book |
| Call number prefix | 519.536 DRA |
| Source of classification or shelving scheme | |
| Withdrawn status | Lost status | Damaged status | Not for loan | Collection code | Permanent Location | Current Location | Shelving location | Date acquired | Source of acquisition | Total Checkouts | Full call number | Barcode | Date last seen | Price effective from | Koha item type | Date last checked out | Cost, normal purchase price |
|---|---|---|---|---|---|---|---|---|---|---|---|---|---|---|---|---|---|
| Central Library (CL) | Central Library (CL) | General Stacks | 01/03/2008 | Donation | 519.536 DRA | SEECS006860 | 11/14/2012 | 01/05/2017 | Book | ||||||||
| Central Library (CL) | Central Library (CL) | General Stacks | 01/03/2008 | Donation | 1 | 519.536 DRA | SEECS006862 | 10/16/2023 | 01/05/2017 | Book | 09/20/2023 | ||||||
| Central Library (CL) | Central Library (CL) | General Stacks | 12/13/2006 | Donation | 519.536 DRA | SEECS007855 | 11/14/2012 | 01/05/2017 | Book | 0.00 | |||||||
| Central Library (CL) | Central Library (CL) | General Stacks | 01/03/2008 | Donation | 519.536 DRA | SEECS006863 | 11/14/2012 | 01/05/2017 | Book | ||||||||
| Central Library (CL) | Central Library (CL) | General Stacks | 01/03/2008 | Donation | 519.536 DRA | SEECS006861 | 11/14/2012 | 01/05/2017 | Book | ||||||||
| Central Library (CL) | Central Library (CL) | General Stacks | 12/13/2006 | Donation | 519.536 DRA | SEECS007856 | 11/14/2012 | 01/05/2017 | Book | 0.00 |
